000
00263nam a2200109Ia 4500
008
190906s9999||||xx |||||||||||||| ||und||
100
_a
Alan Etherton
245
0
_a
General Certificate English
260
_a
India
_b
McGraw Hill
_c
2001
300
_a
344
942
_c
BK
999
_c
6211
_d
6211